[Event "RSA-chT U18"]
[Site "Cape Town"]
[Date "2016.01.04"]
[Round "1.2"]
[White "Tshabalala, Ernest"]
[Black "Marais, Nina"]
[Result "1-0"]
[WhiteElo "1793"]
[BlackElo "1488"]
[PlyCount "49"]
[EventDate "2016.01.04"]
[EventType "team-tourn"]
[EventRounds "7"]
[EventCountry "RSA"]
[SourceTitle "CBM 170 Extra"]
[Source "ChessBase"]
[SourceDate "2016.02.25"]
[SourceVersion "1"]
[SourceVersionDate "2016.02.25"]
[SourceQuality "1"]
[WhiteTeam "Tshwane"]
[BlackTeam "Sedibeng"]
[WhiteTeamCountry "RSA"]
[BlackTeamCountry "RSA"]

1. e4 e6 2. d4 d5 3. Nd2 dxe4 4. Nxe4 Nd7 5. Nf3 Ngf6 6. Nxf6+ Nxf6 7. Bd3 c5 8. 0-0 cxd4 9. Nxd4 Bc5 10. Nb3 Bb6 11. Bg5 h6 12. Bb5+ Bd7 13. Bxf6 gxf6 14. Bxd7+ Qxd7 15. Qf3 Rg8 16. Qxf6 Qc6 17. g3 h5 18. Nd4 Bxd4 19. Qxd4 Qxc2 20. Rac1 Qf5 21. Rfd1 Qf3 22. Qd6 Qf6 23. Rc7 Rg5 24. Rxb7 Rd5 25. Rxd5 1-0

[Event "Johannesburg Africa op (Women)"]
[Site "Johannesburg"]
[Date "2015.08.10"]
[Round "7"]
[White "Oberholzer, Imarie"]
[Black "Marais, Nina"]
[Result "0-1"]
[WhiteElo "1481"]
[BlackElo "1330"]
[PlyCount "128"]
[EventDate "2015.08.07"]
[EventType "swiss"]
[EventRounds "7"]
[EventCountry "RSA"]
[SourceTitle "EXT 2016"]
[Source "ChessBase"]
[SourceDate "2015.10.08"]
[SourceVersion "1"]
[SourceVersionDate "2015.10.08"]
[SourceQuality "1"]

1. e4 e6 2. d4 d5 3. Nd2 dxe4 4. Nxe4 Nd7 5. Nf3 Ngf6 6. Nxf6+ Nxf6 7. Bd3 c5 8. Be3 cxd4 9. Bxd4 Bd7 10. 0-0 Bd6 11. Bc3 0-0 12. Bxh7+ Nxh7 13. Qxd6 Nf6 14. Bxf6 gxf6 15. Qg3+ Kh7 16. Qh4+ Kg7 17. Rad1 Rh8 18. Qg3+ Kf8 19. Qd6+ Ke8 20. Rfe1 Bc6 21. Qxd8+ Rxd8 22. Rxd8+ Kxd8 23. Re3 Ke7 24. Nd4 Bd5 25. h3 Rg8 26. Nf3 Bxa2 27. b3 Rc8 28. Ne1 Bb1 29. Re2 b5 30. b4 Rc4 31. Nd3 Bxc2 32. Nc5 Bf5 33. Ra2 Rxb4 34. Rxa7+ Kf8 35. Rb7 Rb1+ 36. Kh2 b4 37. Kg3 Kg7 38. Kf4 Kg6 39. g4 Bc2 40. h4 e5+ 41. Ke3 b3 42. Kd2 Rh1 43. Nxb3 Bxb3 44. Rxb3 Rxh4 45. Rg3 Kg5 46. f3 Kf4 47. Rg1 Rh3 48. Rb1 Rxf3 49. Rb4+ e4 50. Ke2 Rg3 51. Rb7 Rxg4 52. Rxf7 f5 53. Re7 Rg2+ 54. Kd1 e3 55. Ra7 Kf3 56. Ra3 f4 57. Kc1 Rd2 58. Kb1 Ke2 59. Ra2 Rxa2 60. Kxa2 Kd2 61. Kb2 e2 62. Kb1 e1Q+ 63. Ka2 Kc2 64. Ka3 Qa5# 0-1

[Event "Johannesburg Africa op (Women)"]
[Site "Johannesburg"]
[Date "2015.08.08"]
[Round "2"]
[White "Marais, Nina"]
[Black "Marx, Inge"]
[Result "0-1"]
[WhiteElo "1330"]
[BlackElo "1611"]
[PlyCount "77"]
[EventDate "2015.08.07"]
[EventType "swiss"]
[EventRounds "7"]
[EventCountry "RSA"]
[SourceTitle "EXT 2016"]
[Source "ChessBase"]
[SourceDate "2015.10.08"]
[SourceVersion "1"]
[SourceVersionDate "2015.10.08"]
[SourceQuality "1"]

1. d4 Nf6 2. Nf3 g6 3. Nc3 Bg7 4. e4 d6 5. Be3 0-0 6. Qd2 Ng4 7. Bf4 Nd7 8. h3 Ngf6 9. Bh6 e5 10. 0-0-0 exd4 11. Nxd4 Re8 12. f3 Bh8 13. Bc4 a6 14. a3 Ne5 15. Bb3 b5 16. Nd5 c5 17. Ne2 c4 18. Ba2 Be6 19. Nxf6+ Qxf6 20. Nc3 Rac8 21. Bg5 Qg7 22. Qxd6 h6 23. Bf4 Nc6 24. Qd2 g5 25. Be3 a5 26. Qd6 b4 27. axb4 axb4 28. Na4 b3 29. Bb1 Red8 30. Qa3 Nd4 31. Bxd4 Rxd4 32. c3 Rxd1+ 33. Rxd1 Ra8 34. Qb4 Qf6 35. Rd2 Qf4 36. Qe7 Bf6 37. g3 Qxd2+ 38. Kxd2 Bxe7 39. Kc1 0-1

[Event "Johannesburg Africa op (Women)"]
[Site "Johannesburg"]
[Date "2015.08.07"]
[Round "1"]
[White "Hamoonga, Linda Banti"]
[Black "Marais, Nina"]
[Result "0-1"]
[WhiteElo "1803"]
[BlackElo "1330"]
[PlyCount "84"]
[EventDate "2015.08.07"]
[EventType "swiss"]
[EventRounds "7"]
[EventCountry "RSA"]
[SourceTitle "EXT 2016"]
[Source "ChessBase"]
[SourceDate "2015.10.08"]
[SourceVersion "1"]
[SourceVersionDate "2015.10.08"]
[SourceQuality "1"]

1. e4 e6 2. d4 d5 3. e5 c5 4. c3 Nc6 5. Nf3 Bd7 6. Be2 cxd4 7. cxd4 Nge7 8. 0-0 Nf5 9. g4 Nh4 10. Nbd2 Bb4 11. Nb3 0-0 12. Kh1 Ng6 13. h4 Nxh4 14. Bg5 Be7 15. Bxh4 Bxh4 16. Kg2 h6 17. Nc5 Be7 18. Rc1 Bxc5 19. Rxc5 f6 20. Bd3 fxe5 21. dxe5 Rf4 22. Kg3 Qf8 23. Rc3 Rb8 24. a3 Qf7 25. Bb1 Rf8 26. Qd3 g5 27. Rh1 Qg7 28. Qe2 Be8 29. Rh2 Bg6 30. Bxg6 Qxg6 31. b4 a6 32. Re3 Kg7 33. b5 axb5 34. Qxb5 Rxf3+ 35. Rxf3 Rxf3+ 36. Kg2 Rf7 37. Rh3 Qe4+ 38. f3 Qxe5 39. Qd3 Qf6 40. Rg3 Ne5 41. Qe3 Nxf3 42. Rxf3 Qxf3+ 0-1

[Event "RSA-ch U14 Girls"]
[Site "Waterkloof"]
[Date "2015.04.08"]
[Round "7"]
[White "Marais, Nina"]
[Black "Wolmarans, Riekie"]
[Result "1-0"]
[WhiteElo "1376"]
[BlackElo "1302"]
[PlyCount "123"]
[EventDate "2015.04.04"]
[EventType "swiss"]
[EventRounds "9"]
[EventCountry "RSA"]
[SourceTitle "CBM 166 Extra"]
[Source "ChessBase"]
[SourceDate "2015.06.18"]
[SourceVersion "1"]
[SourceVersionDate "2015.06.18"]
[SourceQuality "1"]

1. d4 d5 2. c4 e6 3. cxd5 exd5 4. Nc3 Nf6 5. Bg5 Be7 6. Nf3 0-0 7. e3 Bg4 8. Qb3 b6 9. Bxf6 Bxf6 10. Qxd5 Bxf3 11. Qxf3 Nd7 12. Bb5 a6 13. Bc6 Rb8 14. Qd5 Bxd4 15. Qxd4 Nc5 16. Qxd8 Rbxd8 17. 0-0 Rd6 18. Bd5 Rfd8 19. Rfd1 b5 20. g3 b4 21. Bf3 bxc3 22. bxc3 Rxd1+ 23. Rxd1 Rxd1+ 24. Bxd1 Kf8 25. Kf1 Ne4 26. c4 a5 27. Bb3 Nd2+ 28. Ke2 Nxb3 29. axb3 Ke7 30. Kd3 c5 31. Ke4 Ke6 32. Kf4 Kf6 33. Ke4 Ke6 34. h3 h6 35. h4 g6 36. g4 f6 37. f4 h5 38. Kf3 f5 39. gxf5+ Kxf5 40. e4+ Ke6 41. Ke3 Kd7 42. e5 Ke7 43. Ke4 Ke6 44. f5+ gxf5+ 45. Kf4 Ke7 46. Kxf5 Kf7 47. e6+ Ke7 48. Ke5 Ke8 49. Kd6 Kd8 50. Kxc5 Ke7 51. Kb6 a4 52. bxa4 Kxe6 53. a5 Kf5 54. a6 Kg4 55. a7 Kxh4 56. a8Q Kg4 57. Qg8+ Kh3 58. Kc5 h4 59. Kd4 Kh2 60. Ke3 h3 61. Kf2 Kh1 62. Qg1# 1-0

[Event "RSA-ch U14 Girls"]
[Site "Waterkloof"]
[Date "2015.04.08"]
[Round "8"]
[White "Vuso, Hlomisa"]
[Black "Marais, Nina"]
[Result "1/2-1/2"]
[WhiteElo "1194"]
[BlackElo "1376"]
[PlyCount "49"]
[EventDate "2015.04.04"]
[EventType "swiss"]
[EventRounds "9"]
[EventCountry "RSA"]
[SourceTitle "CBM 166 Extra"]
[Source "ChessBase"]
[SourceDate "2015.06.18"]
[SourceVersion "1"]
[SourceVersionDate "2015.06.18"]
[SourceQuality "1"]

1. e4 e6 2. d4 d5 3. exd5 exd5 4. Bd3 Bd6 5. h3 Nf6 6. Nf3 0-0 7. 0-0 Nc6 8. c3 Ne7 9. Bg5 Ng6 10. Re1 c6 11. Nbd2 h6 12. Be3 Nf4 13. Bf1 Bf5 14. Ne5 Ne6 15. Ndf3 Nd7 16. Bd3 Bxd3 17. Qxd3 Nxe5 18. dxe5 Bc7 19. Nd4 Re8 20. Bd2 Qb8 21. Qg3 Ng5 22. Nf5 Bxe5 23. Qg4 Bf6 24. h4 Ne6 25. Bc1 1/2-1/2

[Event "RSA-ch U14 Girls"]
[Site "Waterkloof"]
[Date "2015.04.07"]
[Round "6"]
[White "Marais, Nina"]
[Black "Dinham, Megan"]
[Result "1-0"]
[WhiteElo "1376"]
[BlackElo "1144"]
[PlyCount "93"]
[EventDate "2015.04.04"]
[EventType "swiss"]
[EventRounds "9"]
[EventCountry "RSA"]
[SourceTitle "CBM 166 Extra"]
[Source "ChessBase"]
[SourceDate "2015.06.18"]
[SourceVersion "1"]
[SourceVersionDate "2015.06.18"]
[SourceQuality "1"]

1. e4 e5 2. Nf3 Nc6 3. d4 exd4 4. Nxd4 Nf6 5. Nxc6 bxc6 6. Nc3 d5 7. exd5 cxd5 8. Bg5 Bb4 9. Qd3 0-0 10. 0-0-0 c6 11. h4 h6 12. Be3 Bg4 13. Be2 Bxe2 14. Nxe2 Qd7 15. a3 Ba5 16. Qa6 Qc7 17. Bc5 Rfe8 18. Ng3 Bb6 19. Bxb6 Qxb6 20. Qxb6 axb6 21. Rde1 Kf8 22. f3 Rxe1+ 23. Rxe1 Re8 24. Rxe8+ Nxe8 25. Nf5 Nf6 26. Kd2 h5 27. Nd4 c5 28. Nf5 g6 29. Nd6 Nd7 30. Ke3 Ke7 31. Nb5 Kf6 32. Kf4 Ne5 33. Nc3 Ke6 34. b3 Nd7 35. g3 Kd6 36. Ne2 Ke6 37. Ng1 Nf8 38. Nh3 Nh7 39. Ng5+ Nxg5 40. Kxg5 Ke5 41. g4 hxg4 42. fxg4 Ke6 43. h5 Ke7 44. hxg6 Kf8 45. gxf7 Kxf7 46. Kf5 d4 47. g5 1-0

[Event "RSA-ch U14 Girls"]
[Site "Waterkloof"]
[Date "2015.04.06"]
[Round "4"]
[White "Marais, Nina"]
[Black "Engelbrecht, Hanri"]
[Result "0-1"]
[WhiteElo "1376"]
[BlackElo "1337"]
[PlyCount "178"]
[EventDate "2015.04.04"]
[EventType "swiss"]
[EventRounds "9"]
[EventCountry "RSA"]
[SourceTitle "CBM 166 Extra"]
[Source "ChessBase"]
[SourceDate "2015.06.18"]
[SourceVersion "1"]
[SourceVersionDate "2015.06.18"]
[SourceQuality "1"]

1. d4 g6 2. Nf3 Bg7 3. e4 c5 4. d5 d6 5. Bd3 e5 6. c4 f5 7. Nc3 Nf6 8. Bg5 f4 9. Qb3 0-0 10. Nd2 h6 11. Bxf6 Qxf6 12. 0-0-0 Na6 13. a3 Nc7 14. f3 Rb8 15. Nb5 Nxb5 16. Qxb5 a6 17. Qb6 Bd7 18. Nb3 Ba4 19. Bc2 Ra8 20. Rd2 a5 21. Rhd1 Qe7 22. Nxa5 Ra6 23. Qxb7 Qxb7 24. Nxb7 Bxc2 25. Rxc2 Rb8 26. Nxc5 dxc5 27. d6 Rd8 28. Rcd2 Bf8 29. d7 Kf7 30. Rd5 Ke6 31. Kc2 Rd6 32. Rxd6+ Bxd6 33. b3 Rxd7 34. a4 Ra7 35. Ra1 Bc7 36. Rd1 g5 37. h3 h5 38. Rh1 h4 39. Rd1 Ra6 40. Rd5 Bd6 41. Rd3 Bc7 42. Rd2 Rd6 43. Rd5 Bb6 44. Kc3 Ba5+ 45. Kd3 Bb4 46. Kc2 Kd7 47. Kd3 Ke6 48. Ke2 Ba3 49. Kd3 Bb2 50. Kc2 Bd4 51. Kd3 Kd7 52. Kc2 Rxd5 53. cxd5 Kc7 54. Kd3 Kb6 55. Kc4 Bf2 56. Kd3 Be1 57. Kc4 Ba5 58. d6 Kc6 59. d7 Bb6 60. b4 cxb4 61. Kxb4 Kxd7 62. a5 Bd4 63. Kc4 Kc6 64. Kb4 Bf2 65. Kc4 Be3 66. Kb4 Bd2+ 67. Ka4 Kc5 68. a6 Kb6 69. a7 Kxa7 70. Kb5 Kb7 71. Kc5 Bc3 72. Kd6 Kb6 73. Ke6 Kc5 74. Kf5 Kd4 75. Kxg5 Ke3 76. Kxh4 Kf2 77. Kg4 Kxg2 78. h4 Bb4 79. Kf5 Bd6 80. Kg4 Be7 81. h5 Bf8 82. Kf5 Kxf3 83. Kxe5 Kg4 84. Kd4 f3 85. Ke3 Bc5+ 86. Kd2 Kxh5 87. e5 Kg6 88. Ke1 Kf5 89. e6 Kxe6 0-1